| 000 | 00932cam a2200229 4500 | ||
|---|---|---|---|
| 001 | X113159 | ||
| 008 | 000000n2001 000 0 eng u | ||
| 035 | _a(Sirsi) u113159 | ||
| 245 | _aSustainable housing | ||
| 260 | _c2001 | ||
| 490 |
_aGreen Futures _vSupplement (28) May/June 2001, i-x(9) |
||
| 520 | _aA special report into sustainable housing including articles on housing's role as a keystone of a sustainable future, the reasons for the move to sustainable homes, reducing the impact of housing on the environment, the link between health and the quality of housing, planning housing and education together, and building sustainable communities. | ||
| 650 | _aENERGY CONSUMPTION | ||
| 650 | _aENERGY EFFICIENCY | ||
| 650 | _aHEALTH | ||
| 650 | _aHOUSING QUALITY | ||
| 650 | _aSUSTAINABLE COMMUNITIES | ||
| 650 | _aSUSTAINABLE CONSTRUCTION | ||
| 650 | _aSUSTAINABLE HOUSING | ||
| 690 | _aHOUSING | ||
| 942 | _n0 | ||
| 999 |
_c67382 _d67382 |
||